NPB21世紀月間MVP - Statistics

General Stats
  • This quiz has been taken 44 times
  • The average score is 274 of 598
Answer Stats
年度 受賞月 投打 Answer % Correct
打者 坂本勇人
94%
打者 坂本勇人
94%
打者 阿部慎之助
88%
2010 打者 阿部慎之助
88%
打者 阿部慎之助
88%
打者 阿部慎之助
88%
打者 阿部慎之助
88%
打者 阿部慎之助
88%
2014 3.4月 投手 菅野智之
88%
2016 3.4月 投手 菅野智之
88%
5月 投手 菅野智之
88%
7月 投手 菅野智之
88%
9.10月 投手 菅野智之
88%
9.10月 投手 菅野智之
88%
2020 6.7月 投手 菅野智之
88%
打者 村上宗隆
88%
8月 投手 菅野智之
88%
打者 村上宗隆
88%
打者 村上宗隆
88%
打者 村上宗隆
88%
投手 村上宗隆
88%
打者 山田哲人
84%
打者 山田哲人
84%
打者 山田哲人
84%
打者 山田哲人
84%
打者 山田哲人
84%
打者 山田哲人
84%
打者 佐藤輝明
84%
打者 佐藤輝明
84%
2015 3.4月 投手 大谷翔平
84%
6月 投手 大谷翔平
84%
2009 4月 投手 田中将大
81%
8月 投手 田中将大
81%
5月 投手 田中将大
81%
6月 投手 田中将大
81%
7月 投手 田中将大
81%
10月 投手 田中将大
81%
6月 投手 田中将大
81%
5月 投手 田中将大
81%
6月 投手 田中将大
81%
7月 投手 田中将大
81%
8月 投手 田中将大
81%
9月 投手 田中将大
81%
打者 山川穂高
81%
打者 山川穂高
81%
打者 山川穂高
81%
打者 山川穂高
81%
打者 山川穂高
81%
9月 投手 山本由伸
81%
6月 投手 山本由伸
81%
7.8月 投手 山本由伸
81%
9月 投手 山本由伸
81%
10.11月 投手 山本由伸
81%
打者 山川穂高
81%
6月 投手 山本由伸
81%
9.10月 投手 山本由伸
81%
9.10月 投手 山本由伸
81%
打者 岡本和真
78%
打者 岡本和真
78%
打者 岡本和真
78%
打者 岡本和真
78%
打者 岡本和真
78%
打者 柳田悠岐
78%
打者 柳田悠岐
78%
打者 柳田悠岐
78%
打者 柳田悠岐
78%
打者 柳田悠岐
78%
打者 柳田悠岐
78%
打者 柳田悠岐
78%
打者 柳田悠岐
78%
打者 柳田悠岐
78%
打者 松井秀喜
75%
打者 松井秀喜
75%
打者 松井秀喜
75%
打者 内川聖一
75%
打者 バレンティン
75%
打者 バレンティン
75%
打者 バレンティン
75%
打者 バレンティン
75%
打者 丸佳浩
75%
打者 近本光司
75%
打者 内川聖一
75%
打者 内川聖一
75%
打者 内川聖一
75%
打者 中村剛也
75%
打者 内川聖一
75%
打者 中村剛也
75%
打者 中村剛也
75%
打者 福留孝介
72%
打者 ラミレス
72%
打者 ラミレス
72%
打者 ラミレス
72%
打者 ラミレス
72%
打者 ラミレス
72%
打者 ラミレス
72%
打者 ラミレス
72%
打者 ラミレス
72%
打者 ラミレス
72%
打者 菊池涼介
72%
打者 菊池涼介
72%
打者 菊池涼介
72%
打者 秋山翔吾
72%
打者 秋山翔吾
72%
打者 秋山翔吾
72%
打者 秋山翔吾
72%
7月 投手 上原浩治
69%
8月 投手 川上憲伸
69%
2003 3.4月 投手 川上憲伸
69%
8月 投手 上原浩治
69%
5月 投手 川上憲伸
69%
8月 投手 川上憲伸
69%
9月 投手 上原浩治
69%
7月 投手 川上憲伸
69%
5月 投手 川上憲伸
69%
6月 投手 川上憲伸
69%
5月 投手 杉内俊哉
69%
2013 3.4月 投手 杉内俊哉
69%
打者 鈴木誠也
69%
打者 鈴木誠也
69%
8月 投手 杉内俊哉
69%
2005 3.4月 投手 杉内俊哉
69%
5月 投手 杉内俊哉
69%
5月 投手 杉内俊哉
69%
8月 投手 ダルビッシュ有
69%
2008 3.4月 投手 ダルビッシュ有
69%
5月 投手 杉内俊哉
69%
7月 投手 金子千尋
69%
9月 投手 ダルビッシュ有
69%
5月 投手 ダルビッシュ有
69%
6月 投手 杉内俊哉
69%
2010 3.4月 投手 杉内俊哉
69%
7月 投手 金子千尋
69%
8月 投手 金子千尋
69%
5月 投手 ダルビッシュ有
69%
9月 投手 金子千尋
69%
打者 浅村栄斗
69%
打者 浅村栄斗
69%
8月 投手 金子千尋
69%
9月 投手 金子千尋
69%
打者 浅村栄斗
69%
2017 3.4月 投手 金子千尋
69%
打者 浅村栄斗
69%
打者 浅村栄斗
69%
打者 金本知憲
66%
打者 金本知憲
66%
打者 金本知憲
66%
打者 牧秀悟
66%
打者 牧秀悟
66%
打者 牧秀悟
66%
打者 牧秀悟
66%
打者 カブレラ
66%
打者 ローズ
66%
2002 3.4月 投手 松坂大輔
66%
打者 カブレラ
66%
2003 3.4月 投手 岩隈久志
66%
5月 投手 松坂大輔
66%
打者 カブレラ
66%
2004 3.4月 投手 岩隈久志
66%
5月 投手 岩隈久志
66%
打者 西岡剛
66%
打者 カブレラ
66%
打者 ローズ
66%
6月 投手 岩隈久志
66%
打者 カブレラ
66%
打者 カブレラ
66%
打者 西岡剛
66%
打者 西岡剛
66%
2011 4月 投手 岩隈久志
66%
打者 吉田正尚
66%
打者 吉田正尚
66%
打者 吉田正尚
66%
打者 吉田正尚
66%
打者 近藤健介
66%
打者 吉田正尚
66%
打者 吉田正尚
66%
打者 近藤健介
66%
打者 近藤健介
66%
打者 青木宣親
63%
打者 青木宣親
63%
打者 青木宣親
63%
打者 青木宣親
63%
2024 3.4月 投手 マルティネス
63%
打者 松中信彦
63%
打者 松中信彦
63%
打者 松中信彦
63%
打者 松中信彦
63%
打者 松中信彦
63%
打者 松中信彦
63%
7月 投手 有原航平
63%
7月 投手 有原航平
63%
2019 3.4月 投手 有原航平
63%
5月 投手 マルティネス
63%
7月 投手 有原航平
63%
7月 打者 有原航平
63%
打者 高橋由伸
59%
打者 ウッズ
59%
打者 高橋由伸
59%
打者 村田修一
59%
打者 新井貴浩
59%
打者 ウッズ
59%
打者 ウッズ
59%
打者 ウッズ
59%
打者 高橋由伸
59%
打者 新井貴浩
59%
打者 村田修一
59%
打者 小笠原道大
59%
打者 小笠原道大
59%
打者 小笠原道大
59%
5月 投手 前田健太
59%
打者 鳥谷敬
59%
打者 ブランコ
59%
打者 ブランコ
59%
6月 投手 前田健太
59%
打者 ブランコ
59%
打者 村田修一
59%
打者 村田修一
59%
5月 投手 大野雄大
59%
打者 筒香嘉智
59%
打者 筒香嘉智
59%
打者 筒香嘉智
59%
5月 投手 大瀬良大地
59%
打者 ソト
59%
9月 投手 大野雄大
59%
2022 3.4月 投手 大瀬良大地
59%
6月 投手 大瀬良大地
59%
8月 打者 才木浩人
59%
打者 小笠原道大
59%
打者 小笠原道大
59%
打者 城島健司
59%
打者 小笠原道大
59%
打者 城島健司
59%
打者 小笠原道大
59%
6月 投手 涌井秀章
59%
7月 投手 涌井秀章
59%
2016 3.4月 投手 涌井秀章
59%
2020 6.7月 投手 涌井秀章
59%
2021 3.4月 投手 涌井秀章
59%
2024 3.4月 投手 伊藤大海
59%
9.10月 投手 伊藤大海
59%
2005 4月 投手 岩瀬仁紀
56%
打者 和田一浩
56%
9月 投手 内海哲也
56%
5月 投手 内海哲也
56%
7月 投手 メッセンジャー
56%
打者 和田一浩
56%
2017 3.4月 投手 メッセンジャー
56%
6月 投手 岩瀬仁紀
56%
2018 3.4月 投手 メッセンジャー
56%
打者 糸井嘉男
56%
打者 中村紀洋
56%
打者 中村紀洋
56%
打者 松井稼頭央
56%
打者 松井稼頭央
56%
6月 投手 斉藤和巳
56%
8月 投手 斉藤和巳
56%
8月 投手 斉藤和巳
56%
打者 和田一浩
56%
打者 糸井嘉男
56%
打者 松井稼頭央
56%
打者 糸井嘉男
56%
打者 松井稼頭央
56%
5月 投手 サファテ
56%
8月 投手 サファテ
56%
打者 森友哉
56%
打者 清原和博
53%
打者 小久保裕紀
53%
2008 3.4月 投手 石川雅規
53%
7月 投手 石川雅規
53%
9月 投手 石川雅規
53%
8月 投手 小川泰弘
53%
6月 投手 小川泰弘
53%
6月 投手 小川泰弘
53%
2023 3.4月 投手 村上頌樹
53%
5月 投手 村上頌樹
53%
打者 稲葉篤紀
53%
打者 小久保裕紀
53%
打者 稲葉篤紀
53%
打者 稲葉篤紀
53%
打者 川崎宗則
53%
打者 稲葉篤紀
53%
打者 稲葉篤紀
53%
8月 投手 千賀滉大
53%
5月 投手 千賀滉大
53%
6月 投手 千賀滉大
53%
6月 投手 モイネロ
53%
8月 投手 モイネロ
53%
6月 投手 モイネロ
53%
6月 投手 藤川球児
50%
8月 投手 三浦大輔
50%
7月 投手 三浦大輔
50%
9月 投手 藤川球児
50%
7月 投手 浅尾拓也
50%
9月 投手 吉見一起
50%
8月 投手 吉見一起
50%
8月 投手 三浦大輔
50%
打者 ビシエド
50%
打者 ビシエド
50%
打者 ビシエド
50%
5月 投手 今永昇太
50%
打者 オースティン
50%
打者 オースティン
50%
8月 投手 今永昇太
50%
打者 ビシエド
50%
打者 サンタナ
50%
打者 オースティン
50%
打者 栗山巧
50%
6月 投手 則本昂大
50%
5月 投手 則本昂大
50%
9.10月 投手 菊池雄星
50%
打者 西川遥輝
50%
打者 レイエス
50%
投手 レイエス
50%
打者 ペタジーニ
47%
打者 ペタジーニ
47%
9月 投手 黒田博樹
47%
2002 3.4月 投手 井川慶
47%
6月 投手 井川慶
47%
7月 投手 井川慶
47%
5月 投手 黒田博樹
47%
7月 投手 黒田博樹
47%
8月 投手 黒田博樹
47%
8月 投手 藤浪晋太郎
47%
打者 エルドレッド
47%
打者 宮崎敏郎
47%
打者 山崎武司
47%
打者 山崎武司
47%
7月 投手 今井達也
47%
5月 投手 今井達也
47%
打者 今岡誠
44%
打者 今岡誠
44%
打者 今岡誠
44%
9月 投手 能見篤史
44%
打者 森野将彦
44%
10月 投手 能見篤史
44%
5月 投手 能見篤史
44%
6月 投手 能見篤史
44%
打者 大島洋平
44%
打者 西川龍馬
44%
打者 ブラゼル
44%
8月 投手 岸孝之
44%
5月 投手 岸孝之
44%
5月 投手 岸孝之
44%
10.11月 投手 岸孝之
44%
2022 3.4月 投手 佐々木朗希
44%
2023 3.4月 投手 佐々木朗希
44%
投手 西川龍馬
44%
打者 赤星憲広
41%
9月 投手 西勇輝
41%
7月 投手 西勇輝
41%
9.10月 投手 東克樹
41%
7月 投手 高橋宏斗
41%
8月 投手 東克樹
41%
7月 打者 東克樹
41%
打者 中島裕之
41%
2014 3.4月 投手 西勇輝
41%
打者 メヒア
41%
打者 レアード
41%
打者 レアード
41%
7月 投手 東浜巨
41%
打者 宮本慎也
38%
打者 川端慎吾
38%
打者 ロペス
38%
7月 投手 ジョンソン
38%
打者 ロペス
38%
打者 細川成也
38%
投手 細川成也
38%
8月 投手 吉川光夫
38%
8月 投手 高橋光成
38%
5月 投手 上沢直之
38%
8月 打者 上沢直之
38%
打者 李承燁
34%
打者 栗原健太
34%
6月 投手 グライシンガー
34%
7月 投手 グライシンガー
34%
打者 栗原健太
34%
打者 栗原健太
34%
6月 投手 マイコラス
34%
6月 投手 野村祐輔
34%
8月 投手 マイコラス
34%
6月 投手 青柳晃洋
34%
7月 投手 山崎伊織
34%
打者 岡林勇希
34%
2025 3.4月 投手 山崎伊織
34%
8月 投手 西口文也
34%
打者 井口資仁
34%
7月 投手 西口文也
34%
2007 3.4月 投手 西口文也
34%
打者 田中賢介
34%
打者 井口資仁
34%
打者 井口資仁
34%
打者 杉本裕太郎
34%
打者 杉本裕太郎
34%
打者 立浪和義
31%
打者 立浪和義
31%
打者 立浪和義
31%
打者 岩村明憲
31%
2009 4月 投手 山口俊
31%
8月 投手 館山昌平
31%
2012 3.4月 投手 館山昌平
31%
9月 投手 館山昌平
31%
6月 投手 山口俊
31%
9月 投手 山口俊
31%
2019 3.4月 投手 山口俊
31%
6月 投手 山口俊
31%
7月 投手 山崎康晃
31%
打者 小園海斗
31%
打者 谷佳知
31%
打者 フェルナンデス
31%
打者 李大浩
31%
打者 李大浩
31%
打者 長谷川勇也
31%
打者 長谷川勇也
31%
打者 李大浩
31%
打者 李大浩
31%
9月 投手 石川歩
31%
打者 角中勝也
31%
8月 投手 石川歩
31%
8月 投手 宮城大弥
31%
8月 投手 宮城大弥
31%
打者 T-岡田
31%
打者 T-岡田
31%
8月 投手 チェン
28%
打者 平田良介
28%
打者 佐野恵太
28%
10.11月 投手 森下暢仁
28%
打者 佐野恵太
28%
打者 ズレータ
28%
打者 サブロー
28%
7月 投手 成瀬善久
28%
9月 投手 成瀬善久
28%
2012 3.4月 投手 武田勝
28%
打者 万波中正
28%
打者 SHINJO
28%
9月 投手 下柳剛
25%
5月 投手 ルイス
25%
5月 投手 ゴンザレス
25%
投手 大竹寛
25%
7月 投手 山口鉄也
25%
打者 畠山和洋
25%
打者 セギノール
25%
打者 セギノール
25%
打者 セギノール
25%
打者 周東佑京
25%
投手 牧原大成
25%
3.4月 投手 東野峻
22%
打者 梶谷隆幸
22%
打者 梶谷隆幸
22%
9月 投手 床田寛樹
22%
6月 投手 バウアー
22%
8月 投手 バウアー
22%
5月 投手 床田寛樹
22%
投手 ファビアン
22%
7月 投手 新垣渚
22%
7月 投手 新垣渚
22%
9月 投手 新垣渚
22%
2006 3.4月 投手 新垣渚
22%
打者 福浦和也
22%
打者 銀次
22%
8月 投手 松井裕樹
22%
打者 鈴木大地
22%
打者 栗原陵矢
22%
打者 栗原陵矢
22%
打者 ネビン
22%
打者 栗原陵矢
22%
8月 投手 高津臣吾
19%
5月 投手 高橋尚成
19%
打者 シーツ
19%
2004 4月 投手 福原忍
19%
打者 濱中治
19%
9月 投手 安藤優也
19%
2007 3.4月 投手 高橋尚成
19%
7月 投手 岩田稔
19%
打者 高橋周平
19%
5月 投手 大竹耕太郎
19%
打者 金子誠
19%
打者 鉄平
19%
打者 坂口智隆
19%
打者 ペーニャ
19%
7月 投手 山岡泰輔
19%
打者 島内宏明
19%
9月 投手 山井大介
16%
打者 平野恵一
16%
打者 雄平
16%
7月 投手 バーネット
16%
打者 桑原将志
16%
9.10月 投手 小笠原慎之介
16%
9月 投手 清水直行
16%
8月 投手 小林宏之
16%
6月 投手 武田翔太
16%
2018 3.4月 投手 多和田真三郎
16%
9.10月 投手 多和田真三郎
16%
打者 マーティン
16%
9.10月 投手 種市篤暉
16%
打者 桧山進次郎
13%
打者 桧山進次郎
13%
8月 投手 朝倉健太
13%
打者 デントナ
13%
6月 投手 久保康友
13%
2011 4月 投手 バリントン
13%
打者 ルナ
13%
9月 投手 バリントン
13%
2015 3.4月 投手 高木勇人
13%
打者 松山竜平
13%
打者 アルモンテ
13%
2021 3.4月 投手 高橋優貴
13%
5月 投手 スアレス
13%
10.11月 投手 伊藤将司
13%
5月 投手 ウィルカーソン
13%
6月 投手 デュプランティエ
13%
6月 投手 小林雅英
13%
7月 投手 小林雅英
13%
6月 投手 久保康友
13%
6月 投手 グリン
13%
打者 小谷野栄一
13%
打者 後藤光尊
13%
9月 投手 武田久
13%
2013 3.4月 投手 牧田和久
13%
7月 投手 バンデンハーク
13%
打者 安達了一
13%
9月 投手 増井浩俊
13%
打者 G.G.佐藤
13%
打者 G.G.佐藤
13%
2001 3.4月 投手 野口茂樹
9%
5月 投手 野口茂樹
9%
6月 投手 ホッジス
9%
5月 投手 伊良部秀輝
9%
2006 3.4月 投手 パウエル
9%
6月 投手 佐藤充
9%
5月 投手 小笠原孝
9%
8月 投手 山本昌広
9%
6月 投手 スタンリッジ
9%
7月 投手 スタンリッジ
9%
5月 投手 井納翔一
9%
打者 ロサリオ
9%
8月 投手 若松駿太
9%
5月 投手 石田健大
9%
9月 投手 岩貞祐太
9%
8月 投手 ブキャナン
9%
打者 福田永将
9%
7.8月 投手 ビエイラ
9%
5月 投手 黒木知宏
9%
5月 投手 パウエル
9%
6月 投手 パウエル
9%
9月 投手 ミンチー
9%
6月 投手 木佐貫洋
9%
打者 ホワイトセル
9%
5月 投手 ディクソン
9%
打者 田村龍弘
9%
6月 投手 ボルシンガー
9%
打者 井上晴哉
9%
9月 投手 ニール
9%
5月 投手 加藤貴之
9%
打者 頓宮裕真
9%
2025 3.4月 投手 隅田知一郎
9%
打者 太田椋
9%
9月 投手 吉見祐治
6%
打者 リグス
6%
打者 リグス
6%
6月 投手 川井雄太
6%
打者 原口文仁
6%
7月 投手 田口麗斗
6%
8月 投手 フランスア
6%
9.10月 投手 吉村貢司郎
6%
9.10月 投手 吉村貢司郎
6%
打者 ボーリック
6%
9月 投手 大塚晶文
6%
打者 シェルドン
6%
9月 投手 ミラバル
6%
打者 ガルシア
6%
9月 投手 帆足和幸
6%
9月 投手 ウルフ
6%
5月 投手 青山浩二
6%
7月 投手 大隣憲司
6%
6月 投手 十亀剣
6%
6月 投手 山崎福也
6%
6月 投手 入来智
3%
7月 投手 木塚敦志
3%
9月 投手 平井正史
3%
6月 投手 ベバリン
3%
7月 投手 五十嵐亮太
3%
8月 投手 久保裕也
3%
2001 3.4月 投手 前川勝彦
3%
7月 投手 星野順治
3%
8月 投手 大久保勝信
3%
打者 ブラウン
3%
6月 投手 張誌家
3%
打者 石井義人
3%
5月 投手 八木智哉
3%
7月 投手 小野寺力
3%
打者 大松尚逸
3%
8月 投手 大場翔太
3%
7月 投手 五十嵐亮太
3%
打者 藤原恭大
3%
7月 投手 水上由伸
3%
5月 投手 武内夏暉
3%
9月 投手 MICHEAL
3%
8月 投手 ブセニッツ
0%
打者 高部瑛斗
0%
No matching quizzes found
Score Distribution
Percent of People with Each Score
Percentile by Number Answered
Your Score History
You have not taken this quiz